Spanish 5000 (6/10) - Statistics

General Stats
  • This quiz has been taken 22 times
  • The average score is 211 of 501
Answer Stats
English Spanish % Correct
yellow amarillo
100%
American americano
100%
school escuela
100%
hotel hotel
100%
local local
100%
mother madre
100%
moral moral
100%
native nativo
100%
seven siete
100%
to open abrir
86%
African africano
86%
alarm alarma
86%
German alemán
86%
aroma aroma
86%
art, skill arte
86%
head (part of body) cabeza
86%
close, near cerca
86%
beer, ale cerveza
86%
copy copia
86%
to declare, testify declarar
86%
democracy democracia
86%
difference diferencia
86%
dramatic dramático
86%
he, [ellos] them (m) él
86%
the (+m, f) el/la
86%
energy, power energía
86%
fiction ficción
86%
finally, at last finalmente
86%
fundamental fundamental
86%
bone hueso
86%
left izquierda
86%
to call, name llamar
86%
map mapa
86%
material, element material
86%
half, middle medio
86%
table, board mesa
86%
model, pattern modelo
86%
modern moderno
86%
mountain montaña
86%
muscular muscular
86%
to swim nadar
86%
normal, usual, regular normal
86%
normally normalmente
86%
November noviembre
86%
number número
86%
to hear oír
86%
operation operación
86%
park parque
86%
to paint pintar
86%
because porque
86%
question pregunta
86%
president presidente
86%
radical radical
86%
to reduce reducir
86%
to refer (to) referir
86%
restaurant restaurante
86%
routine rutina
86%
blood sangre
86%
society sociedad
86%
lonely, alone solo
86%
also también
86%
tea
86%
to have tener
86%
sad, unhappy triste
86%
life vida
86%
to visit visitar
86%
voice voz
86%
accent, stress acento
71%
to affect afectar
71%
to have lunch almorzar
71%
Asian, Asiatic, asiático
71%
to assimilate asimilar
71%
atomic, nuclear atómico
71%
drink, beverage bebida
71%
to look for buscar
71%
quality calidad
71%
calm, lull calma
71%
cause causa
71%
dinner cena
71%
combination combinación
71%
to compare comparar
71%
compassion compasión
71%
context contexto
71%
contradiction contradicción
71%
critic crítico
71%
diplomatic diplomático
71%
document documento
71%
to dominate, master dominar
71%
to donate donar
71%
especially especialmente
71%
experience experiencia
71%
expression expresión
71%
exterior, outside exterior
71%
skirt falda
71%
favor, benefit favor
71%
fried frito
71%
large, great, big grande
71%
to guide, lead, steer guiar
71%
historical histórico
71%
impossible imposible
71%
independence independencia
71%
infancy, childhood infancia
71%
[rd person] (indir obj) le
71%
freedom, liberty libertad
71%
literally literalmente
71%
wood madera
71%
march, progress marcha
71%
to kill matar
71%
maximum máximo
71%
method método
71%
Christmas navidad
71%
nervous, uptight nervioso
71%
to offer, present ofrecer
71%
oh oh
71%
paper, role, part papel
71%
painter pintor
71%
silver, money plata
71%
possibly posiblemente
71%
main, principal principal
71%
principally, mainly principalmente
71%
problem problema
71%
profession, occupation profesión
71%
what?, which?, how (+adj) qué
71%
to repair, restore reparar
71%
representation representación
71%
residence residencia
71%
to result, turn out resultar
71%
revolution revolución
71%
rich, tasty rico
71%
saint (f) santa
71%
sir, Mr, lord señor
71%
solidarity, togetherness solidaridad
71%
to translate traducir
71%
your (+fam) tu
71%
variety variedad
71%
vegetation vegetación
71%
virgin virgen
71%
accessible accesible
57%
happy, lively, cheerful alegre
57%
approximately aproximadamente
57%
aspect, appearance aspecto
57%
to authorize, legalize autorizar
57%
ballet ballet
57%
bag, purse, stock exchange bolsa
57%
to hunt cazar
57%
classification clasificación
57%
click clic
57%
coincidence coincidencia
57%
to complete completar
57%
computer computadora
57%
driver, conductor conductor
57%
confederation, alliance confederación
57%
confession, admission confesión
57%
to consider considerar
57%
construction construcción
57%
decoration decoración
57%
to let, leave dejar
57%
right, right hand derecha
57%
nineteen diecinueve
57%
seventeen diecisiete
57%
statue estatua
57%
eternal eterno
57%
evaluation, assessment evaluación
57%
to evoke, recall evocar
57%
exploration exploración
57%
fragment, passage fragmento
57%
frustrated frustrado
57%
to generalize, popularize generalizar
57%
geographical geográfico
57%
humanity, mankind humanidad
57%
identification identificación
57%
incident incidente
57%
innovation innovación
57%
to insinuate, hint insinuar
57%
to investigate investigar
57%
youth juventud
57%
slow lento
57%
free, vacant libre
57%
line, course línea
57%
arrival llegada
57%
to locate, find, localize localizar
57%
mysterious misterioso
57%
object, thing objeto
57%
operative, operational operativo
57%
page página
57%
dangerous peligroso
57%
to persist persistir
57%
spring, springlike primavera
57%
to test, prove, try probar
57%
to cause, provoke provocar
57%
to remain, stay quedar
57%
reality, actuality realidad
57%
repair, reparation reparación
57%
reproduction reproducción
57%
republican republicano
57%
temple, church templo
57%
to transform, change transformar
57%
nail, fingernail, toenail uña
57%
unit, unity unidad
57%
to unite, join (together) unir
57%
(drinking) glass, vase vaso
57%
to return, to, v, again volver
57%
abundant, plentiful abundante
43%
abuse, misuse abuso
43%
to assert, affirm afirmar
43%
to save (money, time) ahorrar
43%
pillow almohada
43%
to announce, advertise anunciar
43%
apparatus, device aparato
43%
to block, obstruct bloquear
43%
hair cabello
43%
canyon, cannon cañón
43%
to tire, annoy cansar
43%
expensive, difficult, dear caro
43%
cardboard, carton, sketch cartón
43%
to crash into, collide with chocar
43%
cigarette, cigar cigarro
43%
waist cintura
43%
to cite, quote citar
43%
colleague colega
43%
collar, necklace collar
43%
to comment on comentar
43%
consequence consecuencia
43%
to consult consultar
43%
to consume, take in consumir
43%
to contemplate contemplar
43%
covered cubierto
43%
bill, account cuenta
43%
(in) front (of), ahead delante
43%
delicate delicado
43%
to depend on depender
43%
debt deuda
43%
to (have) doubt dudar
43%
elegant, smart, stylish elegante
43%
to push, shove empujar
43%
entity entidad
43%
to be wrong equivocar
43%
scene, stage, setting escena
43%
effort, endeavor esfuerzo
43%
spatial, space espacial
43%
to specialize, major in especializar
43%
specifically específicamente
43%
speculation, conjecture especulación
43%
to spy on espiar
43%
European europeo
43%
to exaggerate exagerar
43%
except (for) excepto
43%
familiar, of the family familiar
43%
to frustrate, prevent frustrar
43%
balloon, globe globo
43%
ideological ideológico
43%
(self-) interested interesado
43%
literary literario
43%
length, longitude longitud
43%
magnitude, extent magnitud
43%
medieval medieval
43%
to meditate, ponder meditar
43%
noble noble
43%
hearing, ear oído
43%
Paraguayan paraguayo
43%
parliament, dialogue parlamento
43%
patrimony, inheritance patrimonio
43%
to sin pecar
43%
poverty, lack, scarcity pobreza
43%
dessert postre
43%
practice, skill práctica
43%
presence, appearance presencia
43%
fifth quinto
43%
to ratify ratificar
43%
recovery, recuperation recuperación
43%
to recuperate, recover recuperar
43%
kingdom, reign reino
43%
to give up, renounce renunciar
43%
to reveal, disclose revelar
43%
checking, revision revisión
43%
ruin, collapse ruina
43%
to jump, leap, hop saltar
43%
only solamente
43%
to sweat sudar
43%
subject, individual sujeto
43%
sum, amount, summary suma
43%
neither, nor, either tampoco
43%
tranquility, peace tranquilidad
43%
use uso
43%
usefulness, utility utilidad
43%
vain, useless vano
43%
several, various varios
43%
glass, pane vidrio
43%
feeding, food alimentación
29%
to annul, cancel anular
29%
to clap, applaud aplaudir
29%
to amaze, astound asombrar
29%
to frighten, scare asustar
29%
evaluation, qualification calificación
29%
peasant, farmer campesino
29%
capable, able capaz
29%
career, course, race carrera
29%
Castilian, Spanish castellano
29%
to suck chupar
29%
scientist científico
29%
line, queue, tail cola
29%
awarding, concession concesión
29%
conservative conservador
29%
to contaminate, pollute contaminar
29%
convenience, usefulness conveniencia
29%
story, tale cuento
29%
too much demasiado
29%
to descend descender
29%
disciple discípulo
29%
to dispute, contest disputar
29%
divorce divorcio
29%
doubtful, dubious dudoso
29%
enormously enormemente
29%
essay, rehearsal ensayo
29%
extension, area, expanse extensión
29%
fascinating fascinante
29%
company, signature, signing firma
29%
front frente
29%
source, fountain fuente
29%
to adust, graduate graduar
29%
Dutch holandés
29%
horizon horizonte
29%
equally igualmente
29%
impeccable, faultless impecable
29%
to impress impresionar
29%
including, even (ADV) incluso
29%
exchange, interchange intercambio
29%
young, juvenile juvenil
29%
to fight, wrestle luchar
29%
medal, medallion medalla
29%
medicine, drug medicamento
29%
a m.: often menudo
29%
mining minero
29%
mobilization movilización
29%
cloud nube
29%
party, group, (sports) match partido
29%
fight, quarrel pelea
29%
ball pelota
29%
trouble, valer la p.: be of worth pena
29%
y p.: and a bit, beak, peak pico
29%
beach, seaside playa
29%
to preside over presidir
29%
probability probabilidad
29%
own, proper, typical propio
29%
still, motionless, calm quieto
29%
resistance, opposition resistencia
29%
result, outcome resultado
29%
to gather, meet, collect reunir
29%
to check, revise, inspect revisar
29%
to stir, mix, scramble revolver
29%
role rol
29%
taste, flavor, sensation sabor
29%
symptom síntoma
29%
sustainable sostenible
29%
en t. a: around torno
29%
university universitario
29%
to be accustomed to acostumbrar
14%
small village aldea
14%
height, altitude altura
14%
loving, affectionate amoroso
14%
to enlarge, increase, expand ampliar
14%
hardly, barely apenas
14%
to wager, bet apostar
14%
city council, town hall ayuntamiento
14%
to be sufficient bastar
14%
breeze, air brisa
14%
brutal, coarse, clumsy bruto
14%
to be/make quiet callar
14%
singing, chant canto
14%
homemade casero
14%
copper cobre
14%
fuel combustible
14%
to infect, infest contagiar
14%
skull, cranium cráneo
14%
belief creencia
14%
crossbred, double-breasted, crossed cruzado
14%
horn, antler cuerno
14%
disorder, mess desorden
14%
shot, discharge disparo
14%
to turn on encender
14%
above, on top, in addition encima
14%
to be equivalent, tantamount (to) equivaler
14%
foam, lather espuma
14%
date, day fecha
14%
to fortify fortalecer
14%
to rotate, revolve girar
14%
to inherit heredar
14%
introduce, implant implantar
14%
innumerable, countless innumerable
14%
to make uneasy, disturb inquietar
14%
to f**k, screw (around/up) joder
14%
moderate, mild moderado
14%
lot of, heap, pile montón
14%
baby, small child nene
14%
childhood, infancy niñez
14%
outstanding, noteworthy notable
14%
knot nudo
14%
to hide ocultar
14%
pill, capsule pastilla
14%
heavy, boring, tiresome pesado
14%
plaque, plate, badge placa
14%
producer productor
14%
prolonged, lengthy prolongado
14%
reasoning razonamiento
14%
to give (as a gift) regalar
14%
sensitivity sensibilidad
14%
sense, feeling sentido
14%
sinister siniestro
14%
to blow (wind) soplar
14%
to surprise sorprender
14%
throw, shot tiro
14%
transfer, transference transferencia
14%
to transcend trascender
14%
trunk, torso tronco
14%
brave, courageous, bold valiente
14%
varied, mixed variado
14%
true, real verdadero
14%
to encompass, comprise abarcar
0%
wire alambre
0%
reach, scope alcance
0%
promotion, climb ascenso
0%
to assent, agree asentir
0%
random, chance, hazard azar
0%
faction, side bando
0%
cellar, pantry, warehouse bodega
0%
to offer brindar
0%
brusque, abrupt, sudden brusco
0%
head, header cabecera
0%
warm cálido
0%
playing field, court cancha
0%
cardinal cardenal
0%
lack, shortage carencia
0%
(river) bed, ditch cauce
0%
cemetery, graveyard cementerio
0%
climax, para c.: to top it all colmo
0%
accomplice cómplice
0%
to convict, condemn condenar
0%
to make up, comprise configurar
0%
advisor, counselor consejero
0%
por c.: consequently consiguiente
0%
agreement convenio
0%
call, summons convocatoria
0%
decline, descent, lowering descenso
0%
to flow, lead into desembocar
0%
to unleash, unchain desencadenar
0%
contempt, disdain desprecio
0%
deterioration, damage deterioro
0%
to excuse disculpar
0%
to disguise, hide, pretend disimular
0%
device, mechanism dispositivo
0%
to carry out, cause to happen efectuar
0%
pleased, delighted encantado
0%
focus, approach enfoque
0%
to cool enfriar
0%
to intone, sing, modulate entonar
0%
to straighten, raise erguir
0%
sword espada
0%
façade, front of building fachada
0%
drug, medicine fármaco
0%
bottle, jar, flask frasco
0%
desire ganas
0%
claw, fang garra
0%
swollen, pompous hinchado
0%
to sink, submerge hundir
0%
to increase incrementar
0%
to anger indignar
0%
to lead to inducir
0%
report informe
0%
rider, horseman jinete
0%
meeting, conference, seam junta
0%
jury, juror jurado
0%
launch, release lanzamiento
0%
high school liceo
0%
goods, merchandise mercancía
0%
proof, sample, sign muestra
0%
novel, new novedoso
0%
guide, show the way orientar
0%
settler, resident poblador
0%
future, time to come porvenir
0%
to boast, show off, suppose presumir
0%
to prevail prevalecer
0%
to extend, prolong prolongar
0%
to supply proporcionar
0%
burst, gust ráfaga
0%
track, sign, flea market rastro
0%
claim, complaint, protest reclamo
0%
to reflect, consider on reflexionar
0%
distribution, delivery reparto
0%
review, outline reseña
0%
portrait, photograph retrato
0%
armchair, seat sillón
0%
wild silvestre
0%
theatrical teatral
0%
lukewarm tibio
0%
doorbell, bell, seal, stamp timbre
0%
treatment, manner, agreement trato
0%
user usuario
0%
advantage, benefit ventaja
0%
embarrassment vergüenza
0%
return, turn vuelta
0%
deposit, field yacimiento
0%
No matching quizzes found
Score Distribution
Percent of People with Each Score
Percentile by Number Answered
Your Score History
You have not taken this quiz